02088nam a2200349 ia4500003000400000005001700004008004100021020004000062040002500102082001600127100003100143245009100174246005200265264005100317264001100368300004500379336002100424337002500445338002300470490002300493490001600516500002000532500003400552505049500586520050001081650001401581650004301595655002701638700003401665830002301699830001601722OSt20260225152321.0260225t20222022njua gr 001 0 eng d a9781119883531cRM 115.89qpaperback aPPAKbengcPPAKerda04223a540.76 1 aHattori, Heather,eauthor.10a1001 Practice Problems : bChemistry /cby Heather Hattori and Richard H. Langley, PhD30aOne thousand one practice problems :bchemistry 1aHoboken, NJ : bJohn Wiley & Sons, Inc, c2022 4c©2022 ax, 433 pages : billustrations ; c26 cm atext2rdacontent aunmediated2rdamedia avolume2rdacarrier1 aLEARNING MADE EASY1 aFor dummies aIncludes index. aIncludes question and answers0 aPart 1. The questions -- Units and unit conversions -- Scientific notation and significant figures -- Matter and energy -- The atom and nuclear chemistry -- Periodicity and the periodic table -- Ionic bonding -- Covalent bonding -- Molecular geometry -- Chemical reactions -- Molar calculations -- Thermochemistry -- Gases -- Solutions (the chemistry kind) -- Acids and bases -- Graphic basics -- Part 2. The answers -- Answers and explanations -- Appendix: the periodic table of elements.  a"Chemistry: 1001 Practice Problems For Dummies gives you 1,001 opportunities to practice solving problems on all the topics covered in your chemistry class - in the book and online! Get extra practice with tricky subjects, solidify what you’ve already learned, and get in-depth walk-throughs for every problem with this useful book. These practice problems and detailed answer explanations will catalyze the reactions in your brain, no matter what your skill level"--cPublisher's description.10aChemistry20aChemistry vProblems, exercises, etc.  7aProblems and exercises1 aLangley, Richard H.,eauthor. 0aLearning made easy 0aFor dummies